000 00314nam a22001337a 4500
008 170927b xxu||||| |||| 00| 0 eng d
020 _a0876267606
041 _aeng
080 _22nd
_a37
100 _a46
101 _aEDU
245 _aRHETORICAL CONSIDERATIONS ESSAYS FOR ANALYSIS
_cBRENT,H
942 _2udc
_cBK
999 _c30134
_d30134